Red : (Registro nro. 15319)
[ vista simple ]
| 000 -CABECERA | |
|---|---|
| campo de control de longitud fija | 00704pam a2200229 a 4500 |
| 001 - NÚMERO DE CONTROL | |
| campo de control | 000015772 |
| 005 - FECHA Y HORA DE LA ÚLTIMA TRANSACCIÓN | |
| campo de control | 20200929164140.0 |
| 008 - DATOS DE LONGITUD FIJA--INFORMACIÓN GENERAL | |
| campo de control de longitud fija | 860131s1986 nyua b 001 0beng d |
| 020 ## - NÚMERO INTERNACIONAL ESTÁNDAR DEL LIBRO | |
| Número Internacional Estándar del Libro | 0812912039 |
| 040 ## - FUENTE DE LA CATALOGACIÓN | |
| Centro catalogador/agencia de origen | DO-SdBNP |
| Centro/agencia transcriptor | DLC |
| Centro/agencia modificador | DLC |
| -- | BNPHU |
| 082 ## - NÚMERO DE LA CLASIFICACIÓN DECIMAL DEWEY | |
| Número de clasificación | NNNN |
| Número de documento/Ítem | B513r |
| 049 ## - FONDOS LOCALES (OCLC) | |
| Fondos de biblioteca | BNGR |
| 100 1# - ENTRADA PRINCIPAL--NOMBRE DE PERSONA | |
| Nombre de persona | Berkow, Ira, |
| Fechas asociadas al nombre | 1940- |
| 9 (RLIN) | 35500 |
| 245 10 - MENCIÓN DE TÍTULO | |
| Título | Red : |
| Resto del título | a biography of Red Smith / |
| Mención de responsabilidad, etc. | Ira Berkow. |
| 260 ## - PUBLICACIÓN, DISTRIBUCIÓN, ETC. | |
| Lugar de publicación, distribución, etc. | New York : |
| Nombre del editor, distribuidor, etc. | Times Books, |
| Fecha de publicación, distribución, etc. | 1986. |
| 300 ## - DESCRIPCIÓN FÍSICA | |
| Extensión | xvii, 302 p. : |
| Otras características físicas | ill. ; |
| Dimensiones | 24 cm. |
| 504 ## - NOTA DE BIBLIOGRAFÍA, ETC. | |
| Nota de bibliografía, etc. | Bibliography: p. [292]-294. |
| 500 ## - NOTA GENERAL | |
| Nota general | Includes index. |
| 600 10 - PUNTO DE ACCESO ADICIONAL DE MATERIA--NOMBRE DE PERSONA | |
| Nombre de persona | Smith, Red, |
| Fechas asociadas al nombre | 1905-1982. |
| 9 (RLIN) | 35501 |
| 650 #0 - PUNTO DE ACCESO ADICIONAL DE MATERIA--TÉRMINO DE MATERIA | |
| Término de materia o nombre geográfico como elemento de entrada | Sportswriters |
| Subdivisión geográfica | United States |
| Subdivisión general | Biography. |
| 9 (RLIN) | 35502 |
| 910 ## - DATOS DE OPCIÓN DEL USUARIO (OCLC) | |
| Datos de opción del usuario | Catalogación derivada |
| Estado de retiro | Estado de pérdida | Restricciones de uso | No para préstamo | Código de colección | Localización permanente | Ubicación/localización actual | Ubicación en estantería | Fecha de adquisición | Número de inventario | Total de préstamos | Signatura topográfica completa | Código de barras | Fecha visto por última vez | Precio válido a partir de | Tipo de ítem Koha |
|---|---|---|---|---|---|---|---|---|---|---|---|---|---|---|---|
| Préstamo interno | Monografías: Libros y Folletos | General | General | Depósito | 17.02.2010 | LF1 | NNNN B513r | 15772-10 | 25.06.2020 | 25.06.2020 | Préstamo interno |
